गुर्जरपति मूलराजदेव / (Record no. 39371)

MARC details
000 -LEADER
fixed length control field 01806nam a22003017a 4500
005 - DATE AND TIME OF LATEST TRANSACTION
control field 20100805113515.0
010 ## - LCCN (DPL NO)
LC control number HIN-89991-92
020 ## - INTERNATIONAL STANDARD BOOK NUMBER
International Standard Book Number 8178821117 (भाग-1)
Terms of availability 250.00
020 ## - INTERNATIONAL STANDARD BOOK NUMBER
International Standard Book Number 8178821125 (भाग-2)
Terms of availability 250.00
035 ## - SYSTEM CONTROL NUMBER
System control number HN-62337-38
037 ## - SOURCE OF ACQUISITION
Source of stock number/acquisition DBAD / PUB
082 ## - DEWEY DECIMAL CLASSIFICATION NUMBER
Classification number
100 ## - MAIN ENTRY--PERSONAL NAME
Personal name धूमकेतु
245 ## - TITLE STATEMENT
Title गुर्जरपति मूलराजदेव /
Statement of responsibility, etc धूमकेतु; नूतन प्रेमानी द्वारा अनुदित
246 ## - VARYING FORM OF TITLE
Title proper/short title Gurjarpati Moolrajdev
Remainder of title by Dhoomketu;Translated by Nutan Premani
260 ## - PUBLICATION, DISTRIBUTION, ETC. (IMPRINT)
Place of publication, distribution, etc दिल्ली
Name of publisher, distributor, etc सुरेन्द कमार एण्ड सन्स
Date of publication, distribution, etc 2010
270 ## - ADDRESS
Address 30/21ए-22ए, गली नं.-9, विश्वास नगर
City दिल्ली
Postal code 110032
300 ## - PHYSICAL DESCRIPTION
Extent 2 भाग(191पृ;191पृ.)
Dimensions 22सेमी (सजिल्द)
490 ## - SERIES STATEMENT
Series statement चालुक्यवंशी उपन्यासमाला
-- 24523
500 ## - GENERAL NOTE
General note गुजराती के सुप्रसिद्ध उपन्यास 'गुर्जरपति मूलराजदेव' का हिन्दी अनुवाद
500 ## - GENERAL NOTE
General note दो भागों में प्रकाशित
650 ## - SUBJECT ADDED ENTRY--TOPICAL TERM
Topical term following geographic name as entry element हिन्दी कथा साहित्य
650 ## - SUBJECT ADDED ENTRY--TOPICAL TERM
Topical term following geographic name as entry element Hindi Katha Sahitya
700 ## - ADDED ENTRY--PERSONAL NAME
9 (RLIN) 5361
Personal name नूतन प्रेमानी
942 ## - ADDED ENTRY ELEMENTS (KOHA)
Source of classification or shelving scheme Dewey Decimal Classification
Item type Hindi Books
Classification part
Call number suffix धूमके
Holdings
Withdrawn status Lost status Materials specified (bound volume or other part) Not for loan Collection code Home library Current library Date acquired Source of acquisition Cost, normal purchase price Full call number Barcode Copy number Cost, replacement price Koha item type
    भाग-1 Not For Loan Fiction D.B.Act.Division D.B.Act.Division 05/08/2010 DBAD / PUB 250.00 उ धूमके HN-62337 1 250.00 Hindi Books
    भाग-2 Not For Loan Fiction D.B.Act.Division D.B.Act.Division 05/08/2010 DBAD / PUB 250.00 उ धूमके HN-62338 1 250.00 Hindi Books

© Delhi Public Library
Hit Counter
free hit counter